000 00242nam a2200097Ia 4500
001 834079
005 20250826172427.0
008 250824s9999 xx 000 0 und d
245 0 _aBÖCEK ATLASI
_cFATİH DİKMEN
260 _bTAZE KİTAP YAYINLARI
999 _c834079
_d834079